[Event "Irkutsk-ch"]
[Site "Irkutsk"]
[Date "2017.02.04"]
[Round "1"]
[White "Oshirov, Eduard"]
[Black "Khipkhenov, Igor"]
[Result "0-1"]
[WhiteElo "1816"]
[BlackElo "2027"]
[PlyCount "124"]
[EventDate "2017.02.04"]
[EventType "swiss"]
[EventRounds "9"]
[EventCountry "RUS"]
[SourceTitle "CBM 177 Extra"]
[Source "ChessBase"]
[SourceDate "2017.04.27"]
[SourceVersion "1"]
[SourceVersionDate "2017.04.27"]
[SourceQuality "1"]

1. b4 b6 2. Bb2 Bb7 3. e3 e6 4. Nf3 Nf6 5. b5 c5 6. Be2 d5 7. d4 Bd6 8. Nbd2 Nbd7 9. 0-0 Qc7 10. c4 0-0 11. Rc1 Rac8 12. h3 Qb8 13. Re1 Rfe8 14. a4 a5 15. bxa6 Bxa6 16. cxd5 Bxe2 17. Qxe2 exd5 18. Qb5 Qa7 19. Bc3 Ra8 20. Ra1 Qa6 21. Reb1 Qxb5 22. Rxb5 Ra6 23. g4 h6 24. Ne1 Rea8 25. a5 Ne8 26. dxc5 Bxc5 27. Nd3 Nd6 28. Nxc5 bxc5 29. Rbb1 c4 30. Nf3 Nc5 31. Rb6 Nde4 32. Rxa6 Rxa6 33. Be1 c3 34. Nd4 Nd3 35. Kf1 Nb2 36. f3 Nd2+ 37. Bxd2 cxd2 38. Ke2 Rxa5 39. Rb1 d1Q+ 40. Rxd1 Nxd1 41. Kxd1 Ra1+ 42. Ke2 Rh1 43. Nb5 Rxh3 44. Nc3 Rh2+ 45. Kd3 Rf2 46. f4 Rg2 47. Nxd5 Rxg4 48. Ne7+ Kf8 49. Nf5 g6 50. Nd4 Rg1 51. Ke2 Ra1 52. Kf3 f5 53. Nc6 Kf7 54. Ne5+ Kf6 55. Nd7+ Ke6 56. Nc5+ Kd5 57. Nb3 Ra3 58. Nd4 Rd3 59. Nb5 Kc6 60. Na7+ Kc5 61. Nc8 Rd7 62. e4 Rc7 0-1

[Event "Irkutsk Spring"]
[Site "Irkutsk"]
[Date "2016.04.24"]
[Round "8"]
[White "Oshirov, Eduard"]
[Black "Prokhorov, Yury"]
[Result "0-1"]
[WhiteElo "1849"]
[BlackElo "1739"]
[PlyCount "72"]
[EventDate "2016.04.09"]
[EventType "swiss"]
[EventRounds "9"]
[EventCountry "RUS"]
[SourceTitle "EXT 2022"]
[Source "ChessBase"]
[SourceDate "2021.10.06"]
[SourceVersion "1"]
[SourceVersionDate "2021.10.06"]
[SourceQuality "1"]

1. b4 c6 2. c4 a5 3. b5 cxb5 4. cxb5 d5 5. Bb2 Bf5 6. e3 Nd7 7. Nf3 Ngf6 8. Be2 e6 9. 0-0 h6 10. Nc3 Bd6 11. a4 0-0 12. d4 Rc8 13. Bd3 Bxd3 14. Qxd3 Nb6 15. Nd2 Qc7 16. h3 Qe7 17. Ne2 Nfd7 18. Rfc1 f5 19. Bc3 Ra8 20. Rcb1 Nf6 21. f3 Nh5 22. Nb3 Nc4 23. Be1 Qf7 24. Nd2 Nb6 25. f4 Nf6 26. Rc1 Qg6 27. Rc2 Ne4 28. Nxe4 fxe4 29. Qd1 Nc4 30. Bf2 Bb4 31. Nc3 Rac8 32. Na2 Bd6 33. Qe1 b6 34. Qe2 Rc7 35. Rac1 Rfc8 36. g4 Kf7 0-1

[Event "Irkutsk-ch op"]
[Site "Irkutsk"]
[Date "2016.02.22"]
[Round "4"]
[White "Kuznetsov, Vladimir1111"]
[Black "Oshirov, Eduard"]
[Result "1-0"]
[WhiteElo "2023"]
[BlackElo "1867"]
[PlyCount "101"]
[EventDate "2016.02.13"]
[EventType "swiss"]
[EventRounds "9"]
[EventCountry "RUS"]
[SourceTitle "EXT 2018"]
[Source "ChessBase"]
[SourceDate "2017.10.13"]
[SourceVersion "1"]
[SourceVersionDate "2017.10.13"]
[SourceQuality "1"]

1. d4 d5 2. c4 e6 3. Nf3 Nf6 4. Nc3 Be7 5. e3 a6 6. b3 0-0 7. Bd3 b6 8. 0-0 Bb7 9. Qc2 dxc4 10. bxc4 h6 11. Ne5 Nbd7 12. f4 c5 13. Rd1 cxd4 14. exd4 Nb8 15. d5 Bc5+ 16. Kh1 exd5 17. Nxd5 Nc6 18. Nxc6 Bxc6 19. Bf5 Nxd5 20. cxd5 Bxd5 21. Bb2 Ra7 22. Qd3 Bxg2+ 23. Kxg2 Qh4 24. Qg3 Qxg3+ 25. hxg3 Re7 26. Bd3 Rfe8 27. Be5 f6 28. Bc3 b5 29. Re1 Rd8 30. Rad1 Kf8 31. Bg6 Rxd1 32. Rxd1 Re2+ 33. Kh3 Ke7 34. Bf5 Bd6 35. Re1 Rxe1 36. Bxe1 g5 37. fxg5 fxg5 38. Bc8 b4 39. Bxa6 Kf6 40. Kg4 Bf8 41. Bf2 Ke5 42. Bb7 Ke6 43. Bd4 Bd6 44. Bf2 Ke5 45. Kh5 Kf5 46. g4+ Kf4 47. Bd4 Bf8 48. Bd5 Kg3 49. Be5+ Kh3 50. Bc4 Bc5 51. Bf1# 1-0